000 01864nam a2200313 u 4500
001 000056949
003 OSt
005 20210701132438.0
008 100412s2012 ck r 000 0 spa d
020 _a9789585710337
040 _cCO-MqBPB
041 0 _a~spa
043 _as-ck---
090 _aAN
_bGARd 2012
100 1 _aGarcía Márquez, Gabriel
245 1 4 _aDel amor y otros demonios /
_cGabriel García Márquez.
250 _a1a. ed.
260 _aBogotá :
_bNorma,
_c2012.
300 _a147 p.
490 0 _aGabriel García Márquez Para Todos
520 3 _a"El 26 de octubre de 1949 el reportero Gabriel García Márquez fue enviado al antiguo convento de Santa Clara, que iba a ser demolido para edificar sobre él un hotel de cinco estrellas, a presenciar el vaciado de las criptas funerarias y a cubrir la noticia. Se exhumaron los restos de un virrey del Perú y su amante secreta, u n obispo, varias abadesas, un bachiller de artes y una marquesa. Pero la sorpresa saltó al destapar la tercera hornacina del altar mayor: se desparramó una cabellera de color cobre, de veintidós metros y once centímetros de largo, perteneciente a una niña. En la lápida apenas se leía el nombre: Sierva María de Todos los Ángeles. «Mi abuela me contaba de niño la leyenda de una marquesita de doce años cuya cabellera le arrastraba como una cola de novia, que había muerto del mal de rabia por el mordisco de un perro, y era venerada en los pueblos del Caribe por sus muchos milagros. La idea de que esa tumba pudiera ser la suya fue mi noticia de aquel día y el origen de este libro."
650 1 4 _aCuento adulto colombiano
650 2 4 _aLiteratura colombiana
650 2 4 _aRealismo mágico
650 2 4 _aMilagros en la literatura
650 2 4 _aAmor en la literatura
650 2 4 _aDemonios en la literatura
942 _2ddc
_cBKLIT
999 _c6246
_d6246